000 01336 a2200205 4500
001 54062
005 20260407155811.0
008 260407a1973 arg spa d
003 AR-UNSa-BCEJYS
040 _aAR-UNSa-BCEJYS
_bspa
_cAR-UNSa-BCEJYS
080 _a330.43
_xEconometría
245 1 0 _aManual de econometría
264 1 _aBuenos Aires :
_bAmorrortu Editores
_c1973
300 _a558 p.
_c23 cm.
505 _a1. Economía y estadística - 2. Revisión de conceptos económicos - 3. Revisión de conceptos estadísticos - 4. Regresión simple y medición de relaciones económiicas - 5. Números índice y series cronológicas - 6. Análisis de regresión simple:Modelos alternativos - 7. Análisis de regresón múltiple - 8. Análisis de varianza - 9. Análisis lógico o estructural de las series cronológicas económicas - 10. La construcción de modelos económicos de gran escala:Un campo de pruebas para la estadística económica - 11. Identificación, ordenamienbto causal y estimacón en los modelos económicos - 12. Mútodos alternativos dee stimacón en los modelos económicos - 13. La multicolinealidad y el uso de información a priori en modelos económicos - 14. Medición de agregados económicos
041 _aspa
942 _cBK
590 _aniveau_biblio:m niveau_hierar:0
100 1 _aFox, Karl A.
999 _c5330
_d5330